|
|
|
|
| LEADER |
00000cam a2200000 a 4500 |
| 001 |
vtls001390018 |
| 003 |
SK-MaSNL |
| 005 |
20260301161603.0 |
| 008 |
240315q1996 xxu r 0 0 0 slo |
| 015 |
|
|
|a SNBZSA2000-00189
|
| 035 |
|
|
|a SNK000344283
|
| 035 |
|
|
|a urn:nbn:sk:snk-amkl7h
|
| 035 |
|
|
|a urn:nbn:sk:snk-am003d3w
|
| 035 |
|
|
|a 5F1F3F1D-8014-4BCB-925D-FAA0EFFE0EFE
|
| 040 |
|
|
|a SNK
|b slo
|c SNK
|e AACR2
|
| 041 |
0 |
|
|a slo
|
| 044 |
|
|
|a xxu
|c US
|
| 080 |
|
|
|a 234:242
|2 1981
|
| 100 |
1 |
|
|a Uhri, Vladimir
|4 aut
|9 283757
|
| 245 |
1 |
0 |
|a Svedectvo a evanjelizácia
|c Vladimir Uhri
|
| 260 |
|
|
|a Medford
|b New Creation Publishing
|c [1996]
|
| 300 |
|
|
|a 35 s.
|c 22 cm
|
| 504 |
|
|
|a Biogr. údaje o aut. Zoz. publikácií od V. Uhriho
|
| 650 |
0 |
7 |
|a evanjelizácia
|2 SNK
|9 4098
|
| 650 |
0 |
7 |
|a kresťanská viera
|2 SNK
|9 1712
|
| 655 |
|
7 |
|a príručky
|2 SNK
|9 74364
|
| 958 |
|
|
|a ZS
|
| 958 |
|
|
|a TL
|
| 958 |
|
|
|a US
|
| 958 |
|
|
|a NT
|
| 999 |
|
|
|c 810039
|d 811969
|
| 952 |
|
|
|t P60, <03>, [BOOK], {603}
|a SNK
|b SNK
|y PREZ
|7 0
|p 17A0242925
|o snkSC 101767
|i snkK 344/2000
|0 0
|1 0
|4 0
|d 2000-06-02
|f 1
|l 0
|r 2025-09-23 00:00:00
|w 2026-02-24
|